Statistics for 15 Longest rivers in Central Africa

Click here to take the quiz!

General Stats

  • This quiz has been taken 36 times
  • The average score is 3 of 15

Answer Stats

Length Countries Answer % Correct
2920DRC, Rep. of Congo, AngolaCongo
100%
1,599Zambia, DRC, Angola, Namibia, Botswana, Zambezi
82%
658DRC, CAR, Rep. of CongoUbangi
45%
1,338Angola, DRCKasai
36%
870Cameroon, NigeriaBenue
27%
752DRC, CARUele
18%
694Angola, Namibia, BotswanaOkavango
9%
684Angola, DRCKwango
9%
600Angola, DRCKwilu
9%
795DRCLomami
0%
746Rep. of Congo, GabonOgoogue
0%
746DRCSankuru
0%
652Angola, NamibiaKunene
0%
640DRCAruwimi
0%
621Chad, CameroonLogone
0%

Score Distribution

Percentile by Number Answered

Percent of People with Each Score

Your Score History

You have not taken this quiz